LEADER 02628nam 2200601 450 001 9910464662003321 005 20200520144314.0 010 $a1-84822-158-4 010 $a1-84822-159-2 035 $a(CKB)3710000000128761 035 $a(EBL)1711851 035 $a(SSID)ssj0001223951 035 $a(PQKBManifestationID)12555304 035 $a(PQKBTitleCode)TC0001223951 035 $a(PQKBWorkID)11262090 035 $a(PQKB)10099445 035 $a(MiAaPQ)EBC1711851 035 $a(MiAaPQ)EBC6177714 035 $a(PPN)181263300 035 $a(Au-PeEL)EBL1711851 035 $a(CaPaEBR)ebr10882932 035 $a(CaONFJC)MIL632520 035 $a(OCoLC)881571206 035 $a(EXLCZ)993710000000128761 100 $a20140626h20142014 uy 0 101 0 $aeng 135 $aur|n|---||||| 181 $ctxt 182 $cc 183 $acr 200 10$aBig bucks $ethe explosion of the art market in the 21st century /$fGeorgina Adam 210 1$aSurrey, England ;$aBurlington, Vermont :$cLund Humpries,$d2014. 210 4$d©2014 215 $a1 online resource (209 p.) 300 $aDescription based upon print version of record. 311 $a1-84822-138-X 320 $aIncludes bibliographical references and index. 327 $aCover; Contents; Introduction; Prologue; Part I: The Players; 1 Auction Houses; 2 Dealers; 3 Artists; 4 The New Taste-makers; Part II: A Changing market; 5 Art Fairs; 6 Clicks v. Bricks; 7 Emerging Economies; 8 The Dark Side of the Moon; Epilogue; Notes; Bibliography; Index 330 $aThis highly readable and timely book explores the transformation of the modern and contemporary art market in the 21st century from a niche trade to a globalised operation worth an estimated 50 billion a year. Drawing on her personal experience, the author describes in fascinating detail the contributions made by a range of actors and institutions to these recent developments. The author's engaging style makes this informative text ideal for collectors, students, and anyone interested in learning more about the evolution of the unprecedented market for art which exists today. 606 $aArt$xEconomic aspects$xHistory$y21st century 606 $aArt$xMarketing$xHistory$y21st century 608 $aElectronic books. 615 0$aArt$xEconomic aspects$xHistory 615 0$aArt$xMarketing$xHistory 676 $a381.457 700 $aAdam$b Georgina$01033271 801 0$bMiAaPQ 801 1$bMiAaPQ 801 2$bMiAaPQ 906 $aBOOK 912 $a9910464662003321 996 $aBig bucks$92451710 997 $aUNINA LEADER 01453nas 2200373 n 450 001 990008941100403321 005 20240229084443.0 011 $a1361-6382 035 $a000894110 035 $aFED01000894110 035 $a(Aleph)000894110FED01 035 $a000894110 091 $2CNR$aPT02110731 100 $a20161109a19849999km-y0itaa50------ba 101 0 $aeng 102 $aGB 110 $aauu-------- 200 1 $aClassical and quantum gravity$e(Online) 207 1$a1984- 210 $a[Bristol]$cIOP Publishing 452 0$1001000894109$12001$aClassical and quantum gravity 517 0 $aCQG 530 0 $aClassical and quantum gravity 676 $a530 801 0$aIT$bACNP$c20090723 859 4 $uhttp://acnp.cib.unibo.it/cgi-ser/start/it/cnr/dc-p1.tcl?catno=2110731&person=false&language=ITALIANO&libr=&libr_th=unina1$zBiblioteche che possiedono il periodico 901 $aSE 912 $a990008941100403321 958 $aBiblioteca "Roberto Stroffolini" - Dipartimento di Scienze Fisiche dell'Universitą Federico II$b1984-1995;1998-$fFI1 959 $aFI1 996 $aClassical and quantum gravity$9796936 997 $aUNINA AP1 8 $6866-01$aNA079 Biblioteca "Roberto Stroffolini" - Dipartimento di Scienze Fisiche dell'Universitą Federico II$eVia Cintia-Monte S. Angelo, 80126 Napoli (NA)$m081.676253;676756;676443$m081.676434$nit AP2 4 $uhttp://www.iop.org/EJ/S/0/29656/7c24EfLr2WXNFGHfESMPvQ/journal/CQG